The story of castles / (Record no. 21856)

MARC details
000 -LEADER
fixed length control field 01358njm a22002893a 4500
005 - DATE AND TIME OF LATEST TRANSACTION
control field 20020122140905.0
008 - FIXED-LENGTH DATA ELEMENTS--GENERAL INFORMATION
fixed length control field 020122s2000 xxuuun
010 ## - LCCN (DPL NO)
LC control number B-345590-592
020 ## - INTERNATIONAL STANDARD BOOK NUMBER
International Standard Book Number 0746057792
Terms of availability 65.00
020 ## - INTERNATIONAL STANDARD BOOK NUMBER
International Standard Book Number 9780746057797
Terms of availability 65.00
035 ## - SYSTEM CONTROL NUMBER
System control number B-345590-592
037 ## - SOURCE OF ACQUISITION
Source of stock number/acquisition Tarun Books
040 ## - CATALOGING SOURCE
Original cataloging agency dpl
Language of cataloging English
082 ## - DEWEY DECIMAL CLASSIFICATION NUMBER
Classification number S
100 ## - MAIN ENTRY--PERSONAL NAME
Personal name Sims, Lesley
245 ## - TITLE STATEMENT
Title The story of castles /
Statement of responsibility, etc by Lesley Sims; illustrated by Teri Gower
260 ## - PUBLICATION, DISTRIBUTION, ETC. (IMPRINT)
Date of publication, distribution, etc 2004
Place of publication, distribution, etc London
Name of publisher, distributor, etc Usborne Publishing
270 ## - ADDRESS
Address 83-85 Saffron Hill,
City London
300 ## - PHYSICAL DESCRIPTION
Extent 64p.:
Other physical details ill.
Dimensions 20cm(pbk)
490 ## - SERIES STATEMENT
Series statement Usborne young reading; series two
700 ## - ADDED ENTRY--PERSONAL NAME
Personal name Gower, Teri
942 ## - ADDED ENTRY ELEMENTS (KOHA)
Source of classification or shelving scheme Dewey Decimal Classification
Item type Children Books
Classification part S
Call number suffix SIM
Holdings
Withdrawn status Lost status Source of classification or shelving scheme Damaged status Not for loan Collection code Home library Current library Date acquired Source of acquisition Cost, normal purchase price Total Checkouts Full call number Barcode Date last seen Copy number Cost, replacement price Koha item type Total Renewals
    Dewey Decimal Classification     Fiction Central Library Central Library 21/01/2009 Tarun Books/3947/21.5.09/13/23.4.09/4.7.09 65.00   S SIM B-345590 21/01/2009 1 65.00 Children Books  
    Dewey Decimal Classification     Fiction Sarojini Nagar Sarojini Nagar 21/10/2009 Tarun Books/3947/21.5.09/13/23.4.09/4.7.09 65.00 2 S SIM B-345591 04/11/2023 1 65.00 Children Books 1
    Dewey Decimal Classification     Fiction Vinoba Puri Vinoba Puri 21/10/2009 Tarun Books/3947/21.5.09/13/23.4.09/4.7.09 65.00 2 S SIM B-345592 21/08/2024 1 65.00 Children Books  

© Delhi Public Library
Hit Counter
free hit counter